Vízjárás és mederdinamika vizsgálata a Dráva horvát-magyar szakaszán

Elmentve itt :
Bibliográfiai részletek
Szerzők: Andrási Gábor
Kiss Tímea
Dokumentumtípus: Könyv része
Megjelent: SZTE TTIK Földrajzi és Földtudományi Intézet Szeged 2017
Sorozat:Geoszférák 2016: a Szegedi Tudományegyetem Földtudományok Doktori Iskolájának eredményei
Tárgyszavak:
mtmt:30605391
Online Access:http://publicatio.bibl.u-szeged.hu/23352
LEADER 00846naa a2200205 i 4500
001 publ23352
005 20220131093325.0
008 220131s2017 hu o 0|| Magyar d
024 7 |a 30605391  |2 mtmt 
040 |a SZTE Publicatio Repozitórium  |b hun 
041 |a Magyar 
100 1 |a Andrási Gábor 
245 1 0 |a Vízjárás és mederdinamika vizsgálata a Dráva horvát-magyar szakaszán  |h [elektronikus dokumentum] /  |c  Andrási Gábor 
260 |a SZTE TTIK Földrajzi és Földtudományi Intézet  |b Szeged  |c 2017 
300 |a 29 
300 |a 9-37 
490 0 |a Geoszférák 2016: a Szegedi Tudományegyetem Földtudományok Doktori Iskolájának eredményei 
650 4 |a Föld- és kapcsolódó környezettudományok 
700 0 1 |a Kiss Tímea  |e aut 
856 4 0 |u http://publicatio.bibl.u-szeged.hu/23352/1/Gabcsi_Geoszferak_2016.pdf  |z Dokumentum-elérés